| 000 | 00348nam a2200145 a 4500 | ||
|---|---|---|---|
| 001 | 3622 | ||
| 003 | CDMR | ||
| 005 | 20151026103602.0 | ||
| 008 | 130130s1997||||||||||||||||||||||||||||d | ||
| 040 |
_aCDMR _bcat _cCDMR |
||
| 100 | 1 |
_92583 _aÚbeda, Manel _d1951- |
|
| 245 | 1 | 0 |
_aTogo _c Manuel Úbeda |
| 260 |
_aBarcelona _c1997 _bFocal AC |
||
| 942 |
_cMON _2ddc |
||
| 999 |
_c3622 _d3622 |
||